Idiomas oficiales del mundo - Estadísticas

Estadísticas generales
  • Esta prueba ha sido intentada 12.136 veces
    5.164 desde el último reinicio
  • La puntuación promedio es 54 de 119
Estadísticas de respuestas
País Idioma % Correcto
España, Colombia, 18 otros Español
99%
Canadá, Sudáfrica, 56 otros Inglés
99%
Francia, Canadá, 27 otros Francés
98%
Alemania, Austria, Suiza, 3 otros Alemán
97%
Egipto, Irak, 19 otros Árabe
96%
China, Taiwán, Singapur Chino (Mandarín)
95%
Portugal, Brasil, 7 otros Portugués
95%
Rusia, Bielorrusia, Kazajistan, Kirguistán Ruso
95%
Italia, San Marino, Suiza, Vaticano Italiano
93%
Japón Japonés
89%
Corea del Sur, Corea del Norte Coreano
87%
Chipre, Grecia Griego
85%
Suecia, Finlandia Sueco
84%
Rumania Rumano
82%
Moldavia Rumano (Moldavo)
82%
Finlandia Finés
81%
Noruega Noruego
81%
Turquía, Chipre Turco
81%
Polonia Polaco
80%
Bélgica, Países Bajos, Surinam Neerlandés
79%
Bosnia y Herzegovina, Croacia Serbocroata (Croata)
79%
Andorra Catalán
78%
Montenegro Serbocroata (Montenegrino)
77%
Eslovaquia Eslovaco
76%
Serbia, Bosnia y Herzegovina, Kosovo Serbocroata (Serbio)
76%
República Checa Checo
75%
Dinamarca Danés
75%
Bulgaria Búlgaro
73%
Ucrania Ucraniano
73%
Tailania Tailandés
72%
Eslovenia Esloveno
71%
Hungría Húngaro
71%
Islandia Islandés
70%
Irlanda Irlandés
69%
Albania, Kosovo, Macedonia del Norte Albanés
67%
Estonia Estonio
67%
Mongolia Mongol
67%
Letonia Letón
66%
Lituania Lituano
65%
Indonesia Malayo (Indonesio)
65%
Armenia Armenio
64%
Filipinas Filipino
63%
Georgia Georgiano
63%
Vietnam Vietnamita
63%
India Hindustaní (Hindi)
60%
Bosnia y Herzegovina Serbocroata (Bosnio)
60%
Israel Hebreo
59%
Bielorrusia Bielorruso
58%
Nepal Nepali
55%
Bolivia, Perú Quechua
54%
Macedonia del Norte Macedonio
53%
Tayikistán Persa (Tayiko)
52%
Afganistán Persa (Dari)
51%
Haiti Criollo haitiano
50%
Irán Persa
50%
Kazajistán Kazajo
49%
Malta Maltés
49%
Malasia, Singapur, Brunéi Malayo
48%
Camboya Jemer
46%
Uzbekistán Uzbeko
45%
Azerbaiyán Azerí
41%
Paraguay Guaraní
41%
Luxemburgo Luxemburgués
41%
Etiopía, Somalia Somalí
41%
Laos Laosiano
38%
Samoa Samoano
38%
Kenia, Ruanda, Tanzania, Uganda Suajili
38%
Bangladés Bengalí
37%
Sudáfrica Afrikáans
36%
Bután Dzongkha
36%
Marruecos, Argelia Beréber
32%
Pakistán Hindustaní (Urdu)
31%
Kirguistán Kirguís
31%
Myanmar Birmano
30%
Nueva Zelanda Maorí
28%
Turkmenistán Turcomano
28%
Sudáfrica Zulú
26%
Fiyi Fiyiano
25%
Irak Kurdo
24%
Suiza Romanche
24%
Bolivia, Perú Aymara
23%
Maldivas Maldivo
21%
Afganistán Pastún
21%
Kiribati Gilbertés
19%
Sudáfrica, Esuatini Suazi
19%
Sri Lanka, Singapur Tamil
19%
Tonga Tongano
17%
Comoras Comorano
16%
Burundi Kirundí
16%
Madagascar Malgache
16%
Etiopía Amhárico
15%
Mauricio Criollo mauriciano
15%
Nauru Nauruano
15%
Sudáfrica Josa
14%
Islas Marshall Marshalés
14%
Sudáfrica, Lesoto Sesotho
14%
Noruega Sami
13%
Seychelles Criollo seychelense
12%
Tuvalu Tuvaluano
12%
Sri Lanka Cingalés
11%
Sudáfrica, Botsuana Setsuana
11%
Ruanda Kinyarwanda
9%
Eritrea, Etiopía Tigriña
9%
Etiopía Oromo
8%
Fiyi Hindustani (Hindi Fiyi)
7%
Zimbabue Ndebele del norte
7%
Palaos Palauano
7%
Sudáfrica Tsonga
6%
Sudáfrica Venda
6%
Etiopía Afar
5%
República Centroafricana Sango
5%
Malaui Chichewa
4%
Zimbabue Shona
4%
Timor Oriental Tetún
4%
Papúa Nueva Guinea Tok Pisin
4%
Vanuatu Bislama
3%
Papua Nueva Guinea Hiri Motu
3%
Sudáfrica Ndebele del Sur
3%
Sudáfrica Sepedi
3%
No se encontraron pruebas coincidentes
Distribución de puntuación
Porcentaje de gente con cada puntuación
Porcentaje por número respondido
Historial de tus puntuaciones
No has intentado esta prueba desde el último reinicio